Piped water policy in rural India (Record no. 533145)
[ view plain ]
| 000 -LEADER | |
|---|---|
| fixed length control field | 00935nam a22001337a 4500 |
| 008 - FIXED-LENGTH DATA ELEMENTS--GENERAL INFORMATION | |
| fixed length control field | 260427b ||||| |||| 00| 0 eng d |
| 100 ## - MAIN ENTRY--PERSONAL NAME | |
| Personal name | Vanaja, Shiuli Deka, Niruj and John, Dona Maria |
| 245 ## - TITLE STATEMENT | |
| Title | Piped water policy in rural India |
| 260 ## - PUBLICATION, DISTRIBUTION, ETC. (IMPRINT) | |
| Place of publication, distribution, etc | Economic & Political Weekly |
| 300 ## - PHYSICAL DESCRIPTION | |
| Extent | 61(7), Feb 14, 2026: p.32-36 |
| 520 ## - SUMMARY, ETC. | |
| Summary, etc | The Jal Jeevan Mission, launched in August 2019, aims to provide in-house piped water to all rural households. It claims that about 77% of rural households have piped water connections, up from 17% at the beginning of the scheme. However, comparisons with the National Family Health Survey data reveal discrepancies at both the district and state levels. More ground-level information is required to evaluate the success of the scheme.-Reproduced https://www.epw.in/journal/2026/7/insight/piped-water-policy-rural-india.html |
| 773 ## - HOST ITEM ENTRY | |
| Main entry heading | Economic & Political Weekly |
| 942 ## - ADDED ENTRY ELEMENTS (KOHA) | |
| Item type | Articles |
| Withdrawn status | Lost status | Source of classification or shelving scheme | Damaged status | Not for loan | Permanent location | Current location | Date acquired | Serial Enumeration / chronology | Barcode | Date last seen | Koha item type |
|---|---|---|---|---|---|---|---|---|---|---|---|
| Indian Institute of Public Administration | Indian Institute of Public Administration | 2026-04-27 | 61(7), Feb 14, 2026: p.32-36. | AR138658 | 2026-04-27 | Articles |
